[Event "Berlin Kreuzberg op"]
[Site "Berlin"]
[Date "2015.07.13"]
[Round "3"]
[White "Grecu, Veaceslav"]
[Black "Meister, Jakob"]
[Result "0-1"]
[WhiteElo "1881"]
[BlackElo "2460"]
[PlyCount "58"]
[EventDate "2015.07.11"]
[EventType "swiss"]
[EventRounds "9"]
[EventCountry "GER"]
[SourceTitle "CBM 167 Extra"]
[Source "ChessBase"]
[SourceDate "2015.09.14"]
[SourceVersion "1"]
[SourceVersionDate "2015.09.14"]
[SourceQuality "1"]

1. b4 e5 2. Bb2 Bxb4 3. Bxe5 Nf6 4. Nf3 0-0 5. e3 d5 6. Be2 c5 7. 0-0 Nc6 8. Bb2 Ba5 9. d3 Bc7 10. Nbd2 Re8 11. Rb1 b6 12. Re1 Be6 13. a3 Rb8 14. Nf1 b5 15. Ng3 a5 16. Ng5 Bc8 17. Bh5 g6 18. Qf3 Ne5 19. Qf4 Neg4 20. Bxf6 Nxf6 21. Qh4 gxh5 22. Nxh5 h6 23. Nf3 Nxh5 24. Qxh5 Qd6 25. e4 dxe4 26. dxe4 b4 27. Rbd1 Qg6 28. Qxc5 Bb6 29. Qb5 Bxf2+ 0-1

[Event "Canadian op 48th"]
[Site "Toronto"]
[Date "2011.07.17"]
[Round "9"]
[White "Grecu, Veaceslav"]
[Black "Razzaq, Ali"]
[Result "1-0"]
[WhiteElo "1900"]
[BlackElo "1920"]
[PlyCount "93"]
[EventDate "2011.07.09"]
[EventType "swiss"]
[EventRounds "9"]
[EventCountry "CAN"]
[SourceTitle "CBM 143 Extra"]
[Source "ChessBase"]
[SourceDate "2011.08.29"]
[SourceVersion "1"]
[SourceVersionDate "2011.08.29"]
[SourceQuality "1"]

1. e4 c6 2. Nc3 d5 3. d4 dxe4 4. Nxe4 Bf5 5. Ng3 Bg6 6. h4 h6 7. h5 Bh7 8. Nf3 Nd7 9. Bd3 Bxd3 10. Qxd3 e6 11. Bf4 Qa5+ 12. c3 Ngf6 13. Ne5 Nd5 14. Bd2 Nxe5 15. dxe5 0-0-0 16. Qf3 Nb6 17. Qe2 Qd5 18. Rh2 Be7 19. b3 Rd7 20. c4 Qd4 21. Rc1 Qb2 22. Bf4 Bb4+ 23. Kf1 Qd4 24. Ne4 Rhd8 25. g3 f6 26. c5 Nd5 27. Nd6+ Kb8 28. Rc4 Qa1+ 29. Kg2 Nxf4+ 30. gxf4 Qe1 31. Qxe1 Bxe1 32. Rh1 Ba5 33. b4 Bc7 34. Re1 Rf8 35. Rce4 fxe5 36. fxe5 b6 37. f4 bxc5 38. bxc5 Ba5 39. Rb1+ Kc7 40. Ra4 Bb6 41. cxb6+ axb6 42. Ra7+ Kd8 43. Ra8+ Ke7 44. Rxf8 Kxf8 45. Rxb6 Ra7 46. Rb8+ Ke7 47. Nc8+ 1-0